[Event "European Rapid 2017"]
[Site "Katowice POL"]
[Date "2017.12.16"]
[Round "4.90"]
[White "Stupak, Kirill"]
[Black "Musil, Jiri"]
[Result "1-0"]
[WhiteTitle "GM"]
[WhiteElo "2588"]
[BlackElo "2182"]
[WhiteFideId "13503758"]
[BlackFideId "339300"]
[EventDate "2017.12.16"]

1. d4 Nf6 2. c4 e6 3. g3 d5 4. Bg2 Be7 5. Nf3 O-O 6. O-O c6 7. Nc3 Nbd7 8. Nd2
Re8 9. e4 dxe4 10. Ndxe4 Nxe4 11. Nxe4 e5 12. d5 cxd5 13. cxd5 Nb6 14. d6 Bf8
15. Qd3 Bf5 16. Rd1 h6 17. Be3 Bh7 18. Qb5 Re6 19. d7 a6 20. Qb3 Rb8 21. Rac1
Bxe4 22. Bxe4 Nxd7 23. Bf5 Rd6 24. Rxd6 Bxd6 25. Rd1 Nf6 26. Ba7 Ra8 27. Qxb7
Ne8 28. Be4 Rc8 29. Bb6 Rb8 30. Bxd8 1-0

[Event "European Rapid 2017"]
[Site "Katowice POL"]
[Date "2017.12.16"]
[Round "4.91"]
[White "Sliwicka, Alicja"]
[Black "Krejci, Jan2"]
[Result "0-1"]
[WhiteTitle "WFM"]
[BlackTitle "GM"]
[WhiteElo "2337"]
[BlackElo "2570"]
[WhiteFideId "1150677"]
[BlackFideId "322156"]
[EventDate "2017.12.16"]

1. e4 c5 2. Nf3 e6 3. d4 cxd4 4. Nxd4 Nc6 5. Nc3 Qc7 6. Be2 a6 7. O-O Nf6 8. Be3
Bb4 9. Nxc6 bxc6 10. Na4 Rb8 11. Nc5 Bxc5 12. Bxc5 Nxe4 13. Ba3 c5 14. Bd3 Nf6
15. Qe2 Qc6 16. b3 Bb7 17. f3 O-O 18. Bb2 Nd5 19. Qe4 f5 20. Qe5 Nf6 21. Rad1
Rbe8 22. Rfe1 Rf7 23. Bf1 d5 24. c4 d4 25. b4 Nd7 26. Qg3 e5 27. bxc5 f4 28. Qg5
h6 29. Qh5 Nf6 30. Qf5 Bc8 31. Qg6 Qxc5 32. Bd3 Rb7 33. Ba1 Be6 34. Kh1 Bf7 35.
Qf5 Rbe7 36. Rc1 Kh8 37. Qh3 Bg8 38. Bg6 Rd8 39. Qf5 Bh7 40. Bxh7 Nxh7 41. Red1
Nf6 42. Qd3 Rb8 43. Re1 Rb4 44. Rc2 Rc7 45. Rec1 Rcb7 46. Re2 Nd7 47. h3 Nf6 48.
Kh2 Rb8 49. Qa3 Nh5 50. Qxa6 Ng3 51. Rd2 Rb1 52. Rdd1 Rxc1 53. Rxc1 d3 54. Qa4
e4 55. Qd7 Rg8 56. Bd4 Qg5 57. Bf2 e3 58. Bg1 d2 59. Rb1 Qf5 60. Rb5 Qxd7 0-1

[Event "European Rapid 2017"]
[Site "Katowice POL"]
[Date "2017.12.16"]
[Round "4.92"]
[White "Bosiocic, Marin"]
[Black "Kowalski, Igor"]
[Result "1-0"]
[WhiteTitle "GM"]
[WhiteElo "2624"]
[BlackElo "2328"]
[WhiteFideId "14507927"]
[BlackFideId "1172468"]
[EventDate "2017.12.16"]

1. d4 Nf6 2. Bg5 d5 3. e3 c5 4. Bxf6 exf6 5. Nc3 Be6 6. dxc5 Bxc5 7. Qh5 Bb4 8.
Bb5+ Nc6 9. Ne2 a6 10. Ba4 O-O 11. O-O-O Ne5 12. h3 Qa5 13. Bb3 Rfd8 14. Kb1
Rac8 15. f4 Nc4 16. Qf3 Nxb2 17. Kxb2 Bxc3+ 18. Kb1 Bb4 19. f5 Bd7 20. Rxd5 Bc6
21. Rxd8+ Rxd8 22. Qg4 Re8 23. Nf4 Bf8 24. Qh5 Qc7 25. Rd1 Ba3 26. Rd3 Bc5 27.
Rc3 Bf8 28. Ng6 Qd7 29. Rd3 Qc7 30. Rd4 Rxe3 31. Qxh7+ Kxh7 32. Rh4+ 1-0

[Event "European Rapid 2017"]
[Site "Katowice POL"]
[Date "2017.12.16"]
[Round "4.93"]
[White "Macko, Miroslav"]
[Black "Jakubowski, Krzysztof"]
[Result "0-1"]
[WhiteTitle "FM"]
[BlackTitle "GM"]
[WhiteElo "2262"]
[BlackElo "2526"]
[WhiteFideId "14932695"]
[BlackFideId "1112848"]
[EventDate "2017.12.16"]

1. e4 c5 2. Nf3 d6 3. c3 Nf6 4. h3 g6 5. Bd3 Bg7 6. O-O O-O 7. Bc2 Nc6 8. d4
cxd4 9. cxd4 e5 10. dxe5 dxe5 11. Nc3 h6 12. Bb3 Be6 13. Bxe6 fxe6 14. Be3 Qe7
15. Qa4 Nh5 16. Rac1 Rxf3 17. gxf3 Rf8 18. Kg2 Nd4 19. Rfd1 Qf6 20. Qd7 Qxf3+
21. Kh2 Nf4 22. Bxf4 Qxf4+ 23. Kh1 Qf3+ 24. Kh2 Qxf2+ 25. Kh1 Rf3 0-1

[Event "European Rapid 2017"]
[Site "Katowice POL"]
[Date "2017.12.16"]
[Round "4.94"]
[White "De Filomeno, Simone"]
[Black "Banasik, Henryk"]
[Result "1-0"]
[WhiteTitle "IM"]
[WhiteElo "2429"]
[BlackElo "1816"]
[WhiteFideId "828688"]
[BlackFideId "1107020"]
[EventDate "2017.12.16"]

1. d4 Nf6 2. Nf3 g6 3. Bf4 Bg7 4. e3 d6 5. h3 O-O 6. Be2 Nc6 7. O-O Nd7 8. Bh2
e5 9. c4 h6 10. Nc3 Kh7 11. Rb1 f5 12. b4 g5 13. b5 Ne7 14. Qc2 Kh8 15. Rbd1 Qe8
16. dxe5 dxe5 17. Nd5 Nxd5 18. cxd5 Rf7 19. Qxc7 e4 20. Nd4 Nb6 21. Bh5 Rxc7 22.
Bxe8 Re7 23. Bg6 Nxd5 24. Bd6 Rd7 25. Nxf5 Nc3 26. Nxg7 Nxd1 27. Be5 Rxg7 28.
Rxd1 Be6 29. Rd6 Kg8 30. Bxg7 Kxg7 31. Rxe6 Rd8 32. Bxe4 Rd1+ 33. Kh2 Rd2 34.
Kg3 Rxa2 35. Rg6+ Kf7 36. Bd5+ Kxg6 37. Bxa2 Kf6 38. Bd5 1-0

[Event "European Rapid 2017"]
[Site "Katowice POL"]
[Date "2017.12.16"]
[Round "4.95"]
[White "Slipchuk, Evgeniy"]
[Black "Zelcic, Robert"]
[Result "0-1"]
[BlackTitle "GM"]
[WhiteElo "2013"]
[BlackElo "2501"]
[WhiteFideId "14140730"]
[BlackFideId "14500310"]
[EventDate "2017.12.16"]

1. d4 c5 2. d5 e6 3. dxe6 fxe6 4. e4 Nc6 5. Nf3 d5 6. e5 Nge7 7. Bf4 Qb6 8. b3
Qb4+ 9. Bd2 Qe4+ 10. Be2 Nd4 11. Nxd4 Qxd4 12. Bc3 Qxd1+ 13. Kxd1 Ng6 14. Bh5
Kd8 15. Bxg6 hxg6 16. Bd2 Be7 17. g4 g5 18. Nc3 Bd7 19. f3 Kc7 20. Be1 Raf8 21.
Ke2 Rf7 22. Bg3 Bc6 23. a4 Rhf8 24. Rhf1 c4 25. bxc4 dxc4 26. Ne4 Bxe4 27. fxe4
Rxf1 28. Rxf1 Rxf1 29. Kxf1 b5 30. axb5 Kb6 31. Bf2+ Bc5 32. Bxc5+ Kxc5 33. c3
Kxb5 34. Ke2 Ka4 35. Ke3 Kb3 36. Kd4 a5 37. Kc5 a4 38. Kd6 a3 39. Kxe6 a2 40.
Kf7 a1=Q 41. e6 Qxc3 42. e7 Qf3+ 0-1

[Event "European Rapid 2017"]
[Site "Katowice POL"]
[Date "2017.12.16"]
[Round "4.96"]
[White "Kanarek, Marcel"]
[Black "Samborski, Henryk"]
[Result "1-0"]
[WhiteTitle "GM"]
[WhiteElo "2505"]
[BlackElo "2078"]
[WhiteFideId "1126822"]
[BlackFideId "1103849"]
[EventDate "2017.12.16"]

1. e4 c5 2. Nf3 d6 3. d4 cxd4 4. Nxd4 Nf6 5. Nc3 a6 6. Bg5 Nbd7 7. Qe2 b5 8.
O-O-O Bb7 9. f4 Qc7 10. g4 b4 11. Nd5 Nxd5 12. exd5 Bxd5 13. Nf5 Nb6 14. Bg2 Bc4
15. Nxd6+ Qxd6 16. Rxd6 Bxe2 17. Bc6+ Nd7 18. Rxd7 f6 19. Rd2+ Kf7 20. Bxa8 Bxg4
21. Bh4 h6 22. Rf1 Rg8 23. f5 h5 24. Bd5+ e6 25. Bxe6+ 1-0

[Event "European Rapid 2017"]
[Site "Katowice POL"]
[Date "2017.12.16"]
[Round "4.97"]
[White "Polzin, Rainer"]
[Black "Wozniak, Mariola"]
[Result "1-0"]
[WhiteTitle "GM"]
[BlackTitle "WIM"]
[WhiteElo "2404"]
[BlackElo "2170"]
[WhiteFideId "4610741"]
[BlackFideId "1152050"]
[EventDate "2017.12.16"]

1. e4 c5 2. Nc3 Nc6 3. Bb5 Nd4 4. Bc4 g6 5. Nf3 Bg7 6. Nxd4 cxd4 7. Qf3 e6 8.
Nb5 d6 9. Qa3 Be5 10. c3 d3 11. Bxd3 Nf6 12. Be2 Nxe4 13. d3 a6 14. dxe4 axb5
15. Qxa8 O-O 16. Bf3 Qc7 17. O-O f5 18. Bh6 fxe4 19. Bxf8 exf3 20. Bh6 fxg2 21.
Rfe1 1-0

[Event "European Rapid 2017"]
[Site "Katowice POL"]
[Date "2017.12.16"]
[Round "4.98"]
[White "Pena Gomez, Manuel"]
[Black "Gudovskis, Konstantins"]
[Result "1-0"]
[WhiteTitle "IM"]
[WhiteElo "2491"]
[BlackElo "1977"]
[WhiteFideId "2252813"]
[BlackFideId "11609753"]
[EventDate "2017.12.16"]

1. e4 d6 2. d4 Nf6 3. Nc3 g6 4. h4 Bg7 5. f3 h5 6. Bg5 c6 7. Qd2 Qc7 8. O-O-O
Nbd7 9. Nh3 b5 10. Kb1 Nb6 11. Bd3 b4 12. Ne2 a5 13. Nc1 O-O 14. Bh6 c5 15. e5
dxe5 16. dxe5 Qxe5 17. Bf4 Qd5 18. Qe2 Qe6 19. Qxe6 Bxe6 20. Ng5 Bc4 21. Rhe1
Nfd5 22. Bxc4 Nxf4 23. Bf1 e6 24. Rd6 Nfd5 25. Nd3 Rfc8 26. Nf4 Nxf4 27. Rxb6
Rab8 28. Ra6 Ra8 29. Rb6 Rab8 30. Ra6 Ra8 31. Rd1 Rxa6 32. Bxa6 Rf8 33. g3 Nd5
34. Ne4 Bd4 35. Rd3 Ra8 36. Bb7 Rb8 37. Bc6 Rc8 38. Bxd5 exd5 39. Nd6 Rc6 40.
Nb5 Bf2 41. f4 Re6 42. a4 d4 43. Nc7 Re1+ 44. Ka2 Re3 45. Kb3 Bxg3 46. Nd5 Rxd3+
47. cxd3 Bxh4 48. Kc4 Bf2 49. f5 g5 50. Nf6+ Kf8 51. Nxh5 g4 52. Kxc5 g3 53. Nf4
Be3 54. Ng2 Bd2 55. Kxd4 Ke7 56. b3 Kf6 57. Ke4 Bc3 58. d4 Kg5 59. d5 Kg4 60. d6
Bf6 61. d7 Kh3 62. Kf3 Bd8 63. Ne3 Kh2 64. Nf1+ Kh3 65. Nxg3 Kh4 66. Ne4 Kh5 67.
Kf4 Bc7+ 68. Ke3 Kg4 69. Nd6 1-0

[Event "European Rapid 2017"]
[Site "Katowice POL"]
[Date "2017.12.16"]
[Round "4.99"]
[White "Maier, Christian"]
[Black "Madrawski, Krzysztof"]
[Result "1-0"]
[WhiteTitle "IM"]
[WhiteElo "2393"]
[BlackElo "2052"]
[WhiteFideId "4601955"]
[BlackFideId "1163973"]
[EventDate "2017.12.16"]

1. d4 g6 2. Nf3 Bg7 3. Bg5 c5 4. c3 cxd4 5. cxd4 Nf6 6. Nc3 d5 7. e3 O-O 8. h3
Nc6 9. Bd3 a6 10. O-O b5 11. Rc1 Bb7 12. Bf4 Qa5 13. Nd2 Nb4 14. Nb3 Qb6 15. Be2
Ne4 16. a3 Nxc3 17. Rxc3 Nc6 18. Nc5 Rfd8 19. Qc2 e5 20. Nxb7 Qxb7 21. Bg5 Rdc8
22. Rc1 Na7 23. Qb3 exd4 24. Rxc8+ Rxc8 25. Rd1 dxe3 26. Bxe3 d4 27. Bxd4 Bxd4
28. Rxd4 Nc6 29. Rd5 Ne7 30. Rd1 Qc7 31. Bf3 Rd8 32. Re1 Nf5 33. Qb4 Nd4 34. Be4
Ne6 35. g3 Rd4 36. Qb3 Qe5 37. Qe3 Kg7 38. Qc3 Qd6 39. Bf3 Kg8 40. Bg4 Nc5 41.
Re8+ Kg7 42. b4 Ne4 43. Rxe4 1-0

[Event "European Rapid 2017"]
[Site "Katowice POL"]
[Date "2017.12.16"]
[Round "4.100"]
[White "Sabuk, Piotr"]
[Black "Cagara, Paulina"]
[Result "1-0"]
[WhiteTitle "IM"]
[WhiteElo "2382"]
[BlackElo "2053"]
[WhiteFideId "1137565"]
[BlackFideId "1124870"]
[EventDate "2017.12.16"]

1. Nf3 f5 2. d3 Nf6 3. Nc3 g6 4. e4 fxe4 5. dxe4 d6 6. Bc4 Nc6 7. Ng5 Ne5 8. Ne6
Bxe6 9. Bxe6 c6 10. a4 Bg7 11. Be3 Nf7 12. O-O O-O 13. f4 Nd7 14. e5 dxe5 15.
Qxd7 Qxd7 16. Bxd7 Nd6 17. Be6+ Kh8 18. fxe5 Bxe5 19. Rxf8+ Rxf8 20. Bxa7 Rf6
21. Bb3 Kg7 22. Re1 Bxc3 23. bxc3 Nc8 24. Bd4 1-0

[Event "European Rapid 2017"]
[Site "Katowice POL"]
[Date "2017.12.16"]
[Round "5.1"]
[White "Inarkiev, Ernesto"]
[Black "Jaracz, Pawel"]
[Result "1-0"]
[WhiteTitle "GM"]
[BlackTitle "GM"]
[WhiteElo "2689"]
[BlackElo "2465"]
[WhiteFideId "4162722"]
[BlackFideId "1102222"]
[EventDate "2017.12.16"]

1. d4 d5 2. c4 c6 3. Nf3 Nf6 4. e3 a6 5. Nc3 e6 6. b3 Bb4 7. Bd2 Qe7 8. Bd3 Nbd7
9. O-O O-O 10. Rc1 Re8 11. Re1 e5 12. e4 dxc4 13. Bxc4 b5 14. Bd3 exd4 15. Nxd4
Ne5 16. Bb1 Ba3 17. Rc2 Nd3 18. Re2 Qd6 19. Be3 Ng4 20. Nf3 Nf4 21. Red2 Qf6 22.
Bxf4 Qxf4 23. Ne2 Qxe4 24. Ned4 Qf4 25. h3 Ne5 26. Nxe5 Rxe5 27. Ne2 Qf6 28.
Rd8+ Bf8 29. Rcd2 Bb7 30. Ng3 Rxd8 31. Rxd8 Rd5 32. Qc2 g6 33. Rb8 Qe7 34. Ne4
c5 35. Re8 Qh4 36. g3 Qxh3 37. Nf6+ Kg7 38. Nxd5 Bxd5 39. Qc3+ f6 40. Be4 Qd7
41. Rxf8 Kxf8 42. Qxc5+ 1-0

[Event "European Rapid 2017"]
[Site "Katowice POL"]
[Date "2017.12.16"]
[Round "5.2"]
[White "Mastrovasilis, Dimitrios"]
[Black "Navara, David"]
[Result "1/2-1/2"]
[WhiteTitle "GM"]
[BlackTitle "GM"]
[WhiteElo "2582"]
[BlackElo "2740"]
[WhiteFideId "4202694"]
[BlackFideId "309095"]
[EventDate "2017.12.16"]

1. e4 c6 2. Nf3 d5 3. Nc3 dxe4 4. Nxe4 Nf6 5. Nxf6+ exf6 6. d4 Bd6 7. Be2 O-O 8.
O-O Na6 9. c4 Re8 10. Re1 Bg4 11. h3 Bh5 12. a3 Qd7 13. Be3 f5 14. Ne5 Bxe5 15.
dxe5 Qxd1 16. Raxd1 Bxe2 17. Rxe2 Rxe5 18. Red2 Kf8 19. Rd7 Re7 20. Rd8+ Rxd8
21. Rxd8+ Re8 22. Rd7 Re7 23. Rd8+ Re8 24. Rd7 Re7 25. Rd8+ 1/2-1/2

[Event "European Rapid 2017"]
[Site "Katowice POL"]
[Date "2017.12.16"]
[Round "5.4"]
[White "Mikhalchishin, Adrian"]
[Black "Kovalenko, Igor"]
[Result "0-1"]
[WhiteTitle "GM"]
[BlackTitle "GM"]
[WhiteElo "2479"]
[BlackElo "2639"]
[WhiteFideId "14602385"]
[BlackFideId "14117908"]
[EventDate "2017.12.16"]

1. Nf3 c5 2. c4 Nc6 3. d4 cxd4 4. Nxd4 g6 5. e4 Bg7 6. Be3 Nf6 7. Nc3 d6 8. Be2
O-O 9. O-O Bd7 10. f3 Qb6 11. Na4 Qa5 12. Nc3 Rfc8 13. Nb3 Qd8 14. c5 dxc5 15.
Nxc5 Rab8 16. Qa4 Be8 17. Rfd1 Qb6 18. Qa3 e5 19. Nb5 Nd4 20. Bxd4 exd4 21. Na4
Qa5 22. Nc5 0-1

[Event "European Rapid 2017"]
[Site "Katowice POL"]
[Date "2017.12.16"]
[Round "5.6"]
[White "Tomczak, Jacek"]
[Black "McShane, Luke J"]
[Result "1/2-1/2"]
[WhiteTitle "GM"]
[BlackTitle "GM"]
[WhiteElo "2588"]
[BlackElo "2640"]
[WhiteFideId "1124668"]
[BlackFideId "404853"]
[EventDate "2017.12.16"]

1. e4 e5 2. Nf3 Nc6 3. Bb5 Nf6 4. d4 exd4 5. e5 Nd5 6. O-O a6 7. Bc4 Nb6 8. Bb3
Be7 9. Bf4 O-O 10. Nxd4 d5 11. exd6 Bxd6 12. Nxc6 bxc6 13. Bg3 c5 14. Nd2 Bb7
15. Nc4 Nxc4 16. Bxc4 Qf6 17. c3 Rad8 18. Qc2 h5 19. Rad1 h4 20. Bxd6 cxd6 21.
Bd5 Bxd5 22. Rxd5 Rfe8 23. Qd3 a5 24. h3 Re6 25. Qb5 Ra8 26. Qa4 g6 27. b4 Qxc3
28. bxc5 dxc5 29. Qxh4 Rae8 30. Qf4 Re4 31. Qc1 Rc4 32. Qxc3 Rxc3 33. Rfd1 a4
34. R1d3 Re1+ 35. Kh2 Rxd3 36. Rxd3 Re2 37. Ra3 Re4 38. Rc3 Re2 39. Ra3 Rxf2 40.
Rxa4 Rc2 41. Kg3 Kf8 42. Kf3 Ke7 43. Ra6 Rc3+ 44. Kf4 Rc1 45. Ke5 Rg1 46. Ra7+
Kf8 47. g4 Rg3 48. Rc7 Rxh3 49. Rxc5 Ra3 50. Rc2 Kg7 51. g5 Ra4 52. Rg2 Ra5+ 53.
Kd4 f6 54. Ke4 1/2-1/2

[Event "European Rapid 2017"]
[Site "Katowice POL"]
[Date "2017.12.16"]
[Round "5.7"]
[White "Fedorchuk, Sergey A."]
[Black "Shkapenko, Pavel"]
[Result "1-0"]
[WhiteTitle "GM"]
[BlackTitle "IM"]
[WhiteElo "2648"]
[BlackElo "2431"]
[WhiteFideId "14102536"]
[BlackFideId "4151933"]
[EventDate "2017.12.16"]

1. e4 c5 2. Nf3 a6 3. Be2 e6 4. d4 cxd4 5. Nxd4 Nf6 6. Nc3 Bb4 7. Qd3 Nc6 8. O-O
d5 9. Nxc6 bxc6 10. e5 Nd7 11. Qg3 Bf8 12. Na4 c5 13. c4 d4 14. b3 Qc7 15. Bf3
Rb8 16. Re1 g6 17. Nb2 Bb7 18. Bxb7 Rxb7 19. Nd3 Bg7 20. h4 h5 21. Bg5 Rb6 22.
Re4 a5 23. Rae1 a4 24. bxa4 Ra6 25. Nf4 Rxa4 26. Bf6 O-O 27. Bxg7 Kxg7 28. Nxh5+
Kh7 29. Qg5 Rh8 30. Rf4 Rf8 31. Nf6+ Nxf6 32. exf6 Rh8 33. h5 Kg8 34. hxg6 fxg6
35. f7+ Kf8 36. Rxe6 Ra8 37. Rxg6 1-0

[Event "European Rapid 2017"]
[Site "Katowice POL"]
[Date "2017.12.16"]
[Round "5.8"]
[White "Kantans, Toms"]
[Black "Wojtaszek, Radoslaw"]
[Result "0-1"]
[WhiteTitle "GM"]
[BlackTitle "GM"]
[WhiteElo "2484"]
[BlackElo "2736"]
[WhiteFideId "11602945"]
[BlackFideId "1118358"]
[EventDate "2017.12.16"]

1. e4 c5 2. Nf3 d6 3. Bb5+ Nd7 4. O-O Nf6 5. d4 cxd4 6. Qxd4 a6 7. Bxd7+ Bxd7 8.
c4 g6 9. e5 dxe5 10. Nxe5 Be6 11. Qh4 h6 12. Re1 Bg7 13. Nc3 g5 14. Qg3 Qc7 15.
h4 Nh5 16. Qh2 O-O-O 17. hxg5 hxg5 18. Bxg5 Nf6 19. Qf4 Rh5 20. Nd5 Rdh8 21. Kf1
Nxd5 22. cxd5 Rh1+ 23. Ke2 Bxe5 0-1

[Event "European Rapid 2017"]
[Site "Katowice POL"]
[Date "2017.12.16"]
[Round "5.10"]
[White "Fridman, Daniel"]
[Black "Zorko, Jure"]
[Result "1/2-1/2"]
[WhiteTitle "GM"]
[BlackTitle "IM"]
[WhiteElo "2633"]
[BlackElo "2457"]
[WhiteFideId "11600454"]
[BlackFideId "14604051"]
[EventDate "2017.12.16"]

1. d4 Nf6 2. Nf3 d5 3. c4 e6 4. g3 Bb4+ 5. Bd2 Be7 6. Bg2 O-O 7. b3 Ne4 8. O-O
Nd7 9. Nc3 Nxd2 10. Qxd2 c6 11. e4 Bb4 12. exd5 Qa5 13. Rfc1 exd5 14. a3 Bxc3
15. Qxc3 Qxc3 16. Rxc3 Nf6 17. Re3 Be6 18. c5 h6 19. b4 a5 20. b5 cxb5 21. Ne5
b6 22. c6 Rfc8 23. Bf1 b4 24. axb4 axb4 25. Ra6 Rxa6 26. Bxa6 Ra8 27. Bb7 Ra1+
28. Kg2 Ne8 29. Rb3 Nc7 30. Rxb4 b5 31. Nd7 Ra4 32. Rb2 Rxd4 33. Nb6 Kf8 34. Bc8
Ke7 35. Bxe6 Kxe6 36. Nc8 b4 37. f3 Rc4 38. Re2+ Kf6 39. Nb6 Rxc6 40. Nd7+ Kf5
41. Re5+ Kg6 42. Nf8+ Kf6 43. Nd7+ Kg6 1/2-1/2

[Event "European Rapid 2017"]
[Site "Katowice POL"]
[Date "2017.12.16"]
[Round "5.11"]
[White "Klekowski, Maciej"]
[Black "Potkin, Vladimir"]
[Result "0-1"]
[WhiteTitle "IM"]
[BlackTitle "GM"]
[WhiteElo "2498"]
[BlackElo "2574"]
[WhiteFideId "1132717"]
[BlackFideId "4131061"]
[EventDate "2017.12.16"]

1. c4 e6 2. Nc3 d5 3. d4 c6 4. Nf3 Nf6 5. e3 Nbd7 6. Qc2 Bd6 7. Bd3 O-O 8. O-O
dxc4 9. Bxc4 b5 10. Bd3 Bb7 11. Ng5 Bxh2+ 12. Kxh2 Ng4+ 13. Kg1 Qxg5 14. f3 Ngf6
15. e4 Qh4 16. Ne2 e5 17. Be3 Nh5 18. Qd2 h6 19. g4 Ng3 20. Kg2 Nxe2 21. Qxe2
exd4 22. Bxd4 Rfd8 23. b4 Qe7 24. Qb2 Nf8 25. Be2 Ne6 26. Be3 Rd7 27. Rad1 Rxd1
28. Rxd1 a5 29. a3 axb4 30. axb4 Ra4 31. Rb1 Qd6 32. Bd1 Ra8 33. Bc2 Nf4+ 34.
Kf1 Ng6 35. Bb3 Ne5 36. Qe2 Bc8 37. Kg2 Be6 38. Bc5 Qc7 39. Bxe6 fxe6 40. Rd1
Nc4 41. Bf2 Qe7 42. e5 Qxb4 43. Qe4 Qe7 44. Qxc6 Rf8 45. Rd7 Nxe5 46. Rxe7 Nxc6
47. Rxe6 Rc8 48. Rd6 b4 49. Rd7 Rb8 50. Rc7 b3 51. Rxc6 b2 52. Bg3 Rb5 0-1

[Event "European Rapid 2017"]
[Site "Katowice POL"]
[Date "2017.12.16"]
[Round "5.12"]
[White "Chigaev, Maksim"]
[Black "Dobrowolski, Piotr"]
[Result "1-0"]
[WhiteTitle "GM"]
[BlackTitle "IM"]
[WhiteElo "2555"]
[BlackElo "2421"]
[WhiteFideId "4108116"]
[BlackFideId "1106236"]
[EventDate "2017.12.16"]

1. e4 e6 2. d4 d5 3. Nd2 Be7 4. Ngf3 Nf6 5. e5 Nfd7 6. Bd3 c5 7. c3 Nc6 8. O-O
a5 9. a4 Qb6 10. dxc5 Nxc5 11. Bc2 O-O 12. Re1 f5 13. exf6 Bxf6 14. Nf1 Qd8 15.
Ne3 b6 16. Ng4 Kh8 17. Nxf6 gxf6 18. Nd4 Nxd4 19. cxd4 Ne4 20. f3 Nd6 21. Bf4
Ra7 22. Rc1 Rg8 23. Bd3 Rag7 24. Re2 Nf5 25. Bxf5 exf5 26. g3 h5 27. Rc6 h4 28.
Qe1 Qf8 29. Bh6 Rxg3+ 30. hxg3 Qxh6 31. Rh2 f4 32. Rxc8 fxg3 33. Rxg8+ Kxg8 34.
Qxg3+ 1-0

[Event "European Rapid 2017"]
[Site "Katowice POL"]
[Date "2017.12.16"]
[Round "5.13"]
[White "Zwardon, Vojtech"]
[Black "Ragger, Markus"]
[Result "1/2-1/2"]
[WhiteTitle "IM"]
[BlackTitle "GM"]
[WhiteElo "2408"]
[BlackElo "2657"]
[WhiteFideId "325511"]
[BlackFideId "1610856"]
[EventDate "2017.12.16"]

1. c4 e5 2. g3 Nc6 3. Bg2 Bc5 4. Nc3 a6 5. Nf3 d6 6. O-O Nge7 7. e3 Ba7 8. d4
Bg4 9. d5 Nb8 10. h3 Bh5 11. b4 O-O 12. Qb3 Nd7 13. Bb2 f6 14. c5 Bf7 15. cxd6
cxd6 16. Nd2 f5 17. Nc4 Nf6 18. Rfd1 f4 19. exf4 exf4 20. g4 Ng6 21. b5 Bc5 22.
bxa6 bxa6 23. Ne4 Nxe4 24. Bxe4 Qh4 25. Bd4 Rab8 26. Qf3 Rb4 27. Bxc5 dxc5 28.
Nd6 Ne5 29. Qc3 Qe7 30. a3 Rb6 31. Nf5 Qf6 32. Qxc5 g6 33. Ne7+ Kg7 34. d6 Rb3
35. Bg2 h5 36. Qd4 hxg4 37. hxg4 f3 38. Bf1 Rd8 39. Re1 Nd7 40. Qxf6+ Nxf6 41.
Rad1 Rb6 42. g5 Nh7 43. d7 Nxg5 44. Re3 Be6 45. Nc8 Rc6 46. Nd6 Rxd7 47. Rxe6
Nxe6 48. Nf5+ gxf5 49. Rxd7+ Kf6 50. Kh2 f4 51. Ra7 Nc7 52. Bd3 Ke5 53. Kh3 Kd6
54. Kg4 Rc3 55. Be4 Rxa3 56. Bxf3 Ne6 57. Be2 a5 58. Ra6+ Ke5 59. Bc4 Nc5 60.
Ra8 f3 61. Rf8 Ra4 62. Rf5+ Kd6 63. Rf4 Ne6 64. Re4 Nc5 65. Rd4+ Kc7 66. Kxf3
Nb3 67. Rd3 Rxc4 68. Rxb3 a4 69. Rb1 Kc6 70. Ke3 Kc5 71. f4 a3 72. f5 Kd5 73.
Rf1 a2 74. f6 Rc3+ 75. Ke2 Ke4 76. Ra1 Rc2+ 77. Kf1 Kf3 78. f7 Rf2+ 79. Kg1 Kg3
80. Rxa2 Rxa2 81. f8=Q Ra1+ 82. Qf1 Rxf1+ 83. Kxf1 1/2-1/2

[Event "European Rapid 2017"]
[Site "Katowice POL"]
[Date "2017.12.16"]
[Round "5.14"]
[White "Valsecchi, Alessio"]
[Black "Buhmann, Rainer"]
[Result "1-0"]
[WhiteTitle "IM"]
[BlackTitle "GM"]
[WhiteElo "2501"]
[BlackElo "2584"]
[WhiteFideId "818860"]
[BlackFideId "4651340"]
[EventDate "2017.12.16"]

1. e4 e6 2. d4 d5 3. Nd2 c5 4. exd5 Qxd5 5. Ngf3 cxd4 6. Bc4 Qd8 7. Nb3 Nc6 8.
Nbxd4 Nxd4 9. Qxd4 Qxd4 10. Nxd4 Bd7 11. c3 Bd6 12. Be3 a6 13. O-O-O Bc7 14. Be2
Ne7 15. Bf3 O-O-O 16. Rhe1 Ng6 17. g3 Ne5 18. Be2 h5 19. h3 h4 20. g4 Ng6 21.
Bf3 Bf4 22. Nb3 Kc7 23. Nc5 Bc8 24. Nd3 Bxe3+ 25. Rxe3 Rd6 26. Be2 Bd7 27. f4
Bb5 28. Rf1 Rhd8 29. Ne5 Bxe2 30. Rxe2 Rf8 31. Kc2 Nxe5 32. fxe5 Rd7 33. g5 Kc6
34. g6 Re7 35. Ref2 Kd5 36. Rxf7 Rexf7 37. Rxf7 Rb8 38. Rxg7 Kxe5 39. Rf7 b5 40.
g7 Rg8 41. Kd3 Kd5 42. b3 e5 43. c4+ bxc4+ 44. bxc4+ Ke6 45. Ra7 Kf5 46. Ke3 e4
47. a4 Rd8 48. Rf7+ 1-0

[Event "European Rapid 2017"]
[Site "Katowice POL"]
[Date "2017.12.16"]
[Round "5.15"]
[White "Feuerstack, Aljoscha"]
[Black "Andriasian, Zaven"]
[Result "0-1"]
[WhiteTitle "IM"]
[BlackTitle "GM"]
[WhiteElo "2438"]
[BlackElo "2585"]
[WhiteFideId "4681932"]
[BlackFideId "13302000"]
[EventDate "2017.12.16"]

1. e4 c5 2. c3 e6 3. d4 d5 4. exd5 exd5 5. Nf3 Nf6 6. Be3 cxd4 7. Bxd4 Nc6 8.
Bb5 Be7 9. Ne5 Qc7 10. Nxc6 bxc6 11. Bxf6 Bxf6 12. Qxd5 Qe7+ 13. Kf1 O-O 14.
Qxc6 Bb7 15. Qc4 a6 16. Ba4 Rac8 17. Qg4 h5 18. Qd7 Qe4 19. f3 Qf4 20. Qxb7 Qc1+
21. Kf2 Qxh1 22. Qxa6 Bh4+ 0-1